书目信息 |
| 题名: |
看清人 做对事
|
|
| 作者: | 迟双明 编著 | |
| 分册: | ||
| 出版信息: | 北京 中国电影出版社 2007 |
|
| 页数: | 217页 | |
| 开本: | 23cm | |
| 丛书名: | ||
| 单 册: | ||
| 中图分类: | C912.1 , B821-49 | |
| 科图分类: | ||
| 主题词: | 心理交往 , 心理交往--通俗读物 , 人生观 | |
| 电子资源: | ||
| ISBN: | 978-7-106-02617-2 | |
| 000 | 00839nam0 2200265 450 | |
| 001 | 0961998832 | |
| 005 | 20090929171444.73 | |
| 010 | @a978-7-106-02617-2@dCNY22.00 | |
| 100 | @a20070402d2007 em y0chiy50 ea | |
| 101 | 0 | @achi |
| 102 | @aCN@b110000 | |
| 105 | @ay z 000yy | |
| 106 | @ar | |
| 200 | 1 | @a看清人 做对事@f迟双明编著@Akan qing ren zuo dui shi |
| 210 | @a北京@c中国电影出版社@d2007 | |
| 215 | @a217页@d23cm | |
| 330 | @a本书内容包括:做个看清人情世故的明眼人、努力做事的人未必能做对事、认清自己走对路、老实人要会做老实事、做对事先得说对话、想得好更要做得好等。 | |
| 606 | 0 | @a心理交往 |
| 606 | 0 | @a心理交往@j通俗读物 |
| 606 | 0 | @a人生观 |
| 690 | @aC912.1@v4 | |
| 690 | @aB821-49@v4 | |
| 701 | 0 | @a迟双明@4编著@Achi shuang ming |
| 801 | 0 | @aCN@b110019@c20070225 |
| 905 | @a10447@dB821-49@eJY176 | |
| 看清人 做对事/迟双明编著.-北京:中国电影出版社,2007 |
| 217页;23cm |
| ISBN 978-7-106-02617-2:CNY22.00 |
| 本书内容包括:做个看清人情世故的明眼人、努力做事的人未必能做对事、认清自己走对路、老实人要会做老实事、做对事先得说对话、想得好更要做得好等。 |
| ● |
| 相关链接 |
|
|
|
|
正题名:看清人 做对事
索取号:B821-49/JY176
 
预约/预借
| 序号 | 登录号 | 条形码 | 馆藏地/架位号 | 状态 | 备注 |
| 1 | 7820020 | 278200206 | 学院路分馆/ [索取号:B821-49/JY176] | 在馆 | |
| 2 | 7820021 | 278200215 | 学院路分馆/ [索取号:B821-49/JY176] | 在馆 | |
| 3 | 7820022 | 278200224 | 学院路分馆/ [索取号:B821-49/JY176] | 在馆 | |
| 4 | 7820023 | 278200233 | 学院路分馆/ [索取号:B821-49/JY176] | 在馆 |